01160nam a22002177a 450000500170000000800400001702000180005705000180007510000330009324000530012624502060017926000520038530000250043749000600046250001610052250000980068365000350078165000350081670000600085170000310091120150311132545.0150311b sp||||| |||| 00| 0 spa d a9788476589724 aBL51 C54 20101 aCohen, Hermann,d1842-1918,  aBegriff der religion im system der philosophie. 13aEl concepto de la religión en el sistema de la filosofía c/ Hermann Cohen ; presentación a la edición española y traducción de José Andrés Ancona Quiroz ; introducción de Andrea Poma aRubí,Barcelona, España :bAnthropos, c2010 alx, 163 p. ;c20 cm.1 aPensamiento crítico/pensamiento utópico ; vno. 194 a"Traducción de la segunda reimpresión revisada de la primera edición alemana (Giessen, Alfred Topelmann, 1915) en Hildesheim, Georg Olms Verlag, 2002" aTraducción de: Cohen, Hermann, 1842-1918 Der begriff der religion im system der philosophie 72LembaFilosofía y religión 72LembaFilosofíaxReligión 1 aAncona Quiroz, José Andrés, etraductor prologuista1 aPoma, Andrea,eprologuista